| 000 | 00789nam a2200229Ia 4500 | ||
|---|---|---|---|
| 003 | GCL | ||
| 008 | 140319s9999 xx 000 0 ara d | ||
| 040 |
_aGCL / _cGCL |
||
| 082 | 0 | 4 |
_a320.9 _bا ف |
| 100 | 1 | _aامين حامد هويدى | |
| 245 | 1 | 0 |
_aالفرص الضائعة القرارات الحاسمة فى حربى الاستنزاف واكتوبر / _cامين حامد هويدى |
| 260 |
_a[S.N] : _bشركة المطبوعات للتوزيع والنشر ، _c1992 |
||
| 300 | _a682 ص | ||
| 490 | _a | ||
| 650 | 0 | 4 | _aمصر |
| 650 | 0 | 4 | _aالاحوال السياسية |
| 650 | 0 | 4 | _aالسياسة الدولية |
| 650 | 0 | 4 | _aالعلاقات الخارجية |
| 650 | 0 | 4 | _aحرب اكتوبر 1973 |
| 650 | 0 | 4 | _aجمال عبدالناصر |
| 942 |
_2ddc _cBK |
||
| 999 |
_c28035 _d28035 |
||